[Event "DVM U20 2012"]
[Site "Osnabrück GER"]
[Date "2012.12.28"]
[Round "4"]
[White "Thren, Christian"]
[Black "Berkov, Mikhail"]
[Result "0-1"]
[Termination "normal"]
[Board "8.4"]
[WhiteElo "1530"]
[BlackElo "1796"]
[WhiteTeam "Heilbronner SV"]
[BlackTeam "SV Schott Jena"]
[WhiteFideId "12964344"]
[BlackFideId "24678783"]
[EventCountry "GER"]
[EventRounds "7"]
[EventType "team-swiss"]
[EventDate "2012.12.26"]

1. c4 Nf6 2. Nc3 g6 3. g3 Bg7 4. Bg2 c6 5. Nf3 d5 6. cxd5 cxd5 7. d4 O-O 8. O-O
Nc6 9. Bg5 Be6 10. Ne5 Ne8 11. Nxc6 bxc6 12. Rc1 h6 13. Be3 Rb8 14. b3 c5 15.
Bf4 Rc8 16. dxc5 g5 17. Bd2 Rxc5 18. Nxd5 Rxd5 19. Bxd5 Qxd5 20. Bc3 Qe4 21.
Bxg7 Nxg7 22. Qc2 Qxc2 23. Rxc2 Nf5 24. e3 Rd8 25. Rc7 Rd2 26. Rxa7 Bd5 27. Rc1
Bf3 28. a3 Nd6 29. Rxe7 Ne4 30. Rf1 Kf8 31. Ra7 Be2 32. Rc1 Bd3 33. Rd7 Nxf2
34. Kg2 Be4+ 35. Kf1 Rxd7 36. Kxf2 Rd2+ 37. Ke1 Rxh2 38. Rc8+ Kg7 39. b4 h5 40.
b5 h4 41. gxh4 gxh4 42. b6 h3 43. Rc4 Rg2 44. Rxe4 h2 45. Rh4 Rg1+ 46. Kd2 h1=Q
47. Rxh1 Rxh1 48. a4 Ra1 49. b7 Rb1 50. Kd3 Rxb7 51. Kc4 Re7 0-1

[Event "DVM U20 2012"]
[Site "Osnabrück GER"]
[Date "2012.12.28"]
[Round "4"]
[White "Mauch, Johannes"]
[Black "Wenninger, Patrick"]
[Result "1-0"]
[Termination "normal"]
[Board "8.5"]
[WhiteElo "1717"]
[BlackElo "1650"]
[WhiteTeam "SV Schott Jena"]
[BlackTeam "Heilbronner SV"]
[WhiteFideId "24696927"]
[BlackFideId "12927880"]
[EventCountry "GER"]
[EventRounds "7"]
[EventType "team-swiss"]
[EventDate "2012.12.26"]

1. Nf3 d5 2. g3 Nf6 3. Bg2 Nc6 4. O-O e5 5. d3 Bc5 6. Nbd2 O-O 7. e4 Be6 8. Qe2
Re8 9. h3 h6 10. Nb3 Bf8 11. Be3 d4 12. Bc1 a5 13. a4 Nd7 14. Nh2 Nc5 15. Nxc5
Bxc5 16. f4 f6 17. f5 Bf7 18. Qg4 Kh8 19. h4 Nb4 20. Rf2 Be7 21. Qh3 c5 22. g4
c4 23. Bf1 cxd3 24. Bxd3 Nxd3 25. cxd3 Rg8 26. Kh1 Rc8 27. Nf3 Kh7 28. g5 Bh5
29. Rg2 Qb6 30. Kh2 Bxf3 31. Qxf3 Qb3 32. Qh5 Rc2 33. g6+ Kh8 34. Bxh6 Rxg2+
35. Kxg2 Qxb2+ 36. Bd2# 1-0

[Event "DVM U20 2012"]
[Site "Osnabrück GER"]
[Date "2012.12.28"]
[Round "4"]
[White "Ignatov, Dmitriy"]
[Black "Köhler, Daniel"]
[Result "1-0"]
[Termination "normal"]
[Board "8.6"]
[WhiteElo "1447"]
[BlackElo "1564"]
[WhiteTeam "Heilbronner SV"]
[BlackTeam "SV Schott Jena"]
[WhiteFideId "12927872"]
[EventCountry "GER"]
[EventRounds "7"]
[EventType "team-swiss"]
[EventDate "2012.12.26"]

1. e4 e5 2. f4 exf4 3. Nf3 d6 4. Bc4 Nc6 5. Nc3 Bg4 6. O-O Ne5 7. Nxe5 dxe5 8.
Bxf7+ Kxf7 9. Qxg4 Bc5+ 10. Kh1 c6 11. Qh5+ Kf8 12. Qxe5 Bd6 13. Qf5+ Qf6 14.
Qxf6+ gxf6 15. d4 Kg7 16. Bxf4 Bxf4 17. Rxf4 Ne7 18. Raf1 Rhf8 19. Ne2 Rad8 20.
c3 Rd7 21. Ng3 Ng6 22. Nh5+ Kh6 23. Rxf6 Rxf6 24. Nxf6 Rd8 25. g3 Kg7 26. Kg2
c5 27. d5 Ne5 28. Nh5+ Kh6 29. Nf4 Nc4 30. Rf2 Re8 31. Re2 Ne5 32. d6 Rd8 33.
Rd2 Nc4 34. Rd3 Nxb2 35. Rd5 Re8 36. d7 1-0